Central Library OPAC University of Rajshahi

The medicine man : (Record no. 24110)

MARC details
000 -LEADER
fixed length control field 00856cam a2200277 4500
001 - CONTROL NUMBER
control field 24110
003 - CONTROL NUMBER IDENTIFIER
rucl marc code BD-RjUL
005 - DATE AND TIME OF LATEST TRANSACTION
control field 20211209001018.0
008 - FIXED-LENGTH DATA ELEMENTS--GENERAL INFORMATION
fixed length control field 140312n abca 000 1 eng
035 ## - SYSTEM CONTROL NUMBER
System control number (BD-RjUL)24176
040 ## - CATALOGING SOURCE
Original cataloging agency DLC
Transcribing agency DLC
Modifying agency DLC
-- BD-RjUL
Language of cataloging eng
041 ## - LANGUAGE CODE
Language code of text/sound track or separate title eng
082 00 - DEWEY DECIMAL CLASSIFICATION NUMBER
Classification number 813.54
Author mark and year WOM [1968]
100 1# - MAIN ENTRY--PERSONAL NAME
Personal name Wood, Kerry.
9 (RLIN) 57094
245 14 - TITLE STATEMENT
Title The medicine man :
Remainder of title an historical day in the life of a Cree camp /
Statement of responsibility, etc. Illustrated by Audrey Teather.
260 ## - PUBLICATION, DISTRIBUTION, ETC. (IMPRINT)
Place of publication, distribution, etc. Red Deer, Alta. :
Name of publisher, distributor, etc. Author, Box 122,
Date of publication, distribution, etc. [1968?].
300 ## - PHYSICAL DESCRIPTION
Pagination v, 91 p. :
Illustrations illus. ;
Size 23 cm.
350 ## - PRICE (NR) (BK AM CF MU VM SE) [OBSOLETE]
Price 3.00
650 #0 - SUBJECT ADDED ENTRY--TOPICAL TERM
Topical term or geographic name as entry element Shamans
General subdivision Fiction.
9 (RLIN) 74271
Topical term or geographic name as entry element Cree Indians
General subdivision Fiction.
9 (RLIN) 74272
651 #0 - SUBJECT ADDED ENTRY--GEOGRAPHIC NAME
Geographic name Canada
General subdivision Fiction.
9 (RLIN) 74273
942 ## - ADDED ENTRY ELEMENTS (KOHA)
Source of classification or shelving scheme Dewey Decimal Classification
Koha item type Books
Holdings
Lost status Source of classification or shelving scheme Damaged status Not for loan Permanent Location Current Location Shelving location Date acquired Source of acquisition Cost, normal purchase price Total Checkouts Full call number Date last seen Copy number Koha item type
  Dewey Decimal Classification   Added to bundle Central Library, University of Rajshahi Central Library, University of Rajshahi Reading Room 12/11/1992 Canada 0.00   813.54 WOM [1968] 12/03/2014 C-1 Books